000 00445nam a2200181Ia 4500
001 16184
005 20260306170251.0
008 260306t2010||||xx |||||||||||||| ||und||
041 _aESP
082 _a347.2L
_bC12
100 _aRamírez Benites, Junior
_eAUT
245 0 _aManual práctico legal:
_bconsultas y casos
260 _c2010
300 _a161 páginas :
_c24 cm.
650 _aGEN
654 _aCDE
942 _cLIB
_dJUS
_fJUS
_2ddc
_n
999 _c16184
_d16184